Is there a place for the rational actor? A geographical critique of the rational choice paradigm.

Rastúca prevaha behaviorálnych modelov v ekonomickej geografii v dôsledku postulátu racionálneho činiteľa. Teória a model racionálneho výberu. Racionálny výber a sociálny blahobyt. Hegemónia racionálneho správania a jej problematika.

Guardado en:
Detalles Bibliográficos
Autor principal: Barnes, T.J
Otros Autores: Shepfard, E.
Formato: Capítulo de libro
Lenguaje:inglés
Materias:
Etiquetas: Agregar Etiqueta
Sin Etiquetas, Sea el primero en etiquetar este registro!

MARC

LEADER 00000naa a2200000 4500
001 r011269
005 20220913122245.6
041 0 |a eng 
044 |a US 
245 1 0 |a Is there a place for the rational actor? A geographical critique of the rational choice paradigm.  |c T.J. Barnes, E. Shepfard 
520 |a Rastúca prevaha behaviorálnych modelov v ekonomickej geografii v dôsledku postulátu racionálneho činiteľa. Teória a model racionálneho výberu. Racionálny výber a sociálny blahobyt. Hegemónia racionálneho správania a jej problematika. 
610 2 0 |a geografia hospodárska 
610 2 0 |a behaviorizmus 
610 2 0 |a modely 
610 2 0 |a racionalizácia 
610 2 0 |a správanie 
610 2 0 |a blahobyt 
610 2 0 |a marxizmus 
610 2 0 |a priestor 
100 1 |a Barnes, T.J. 
700 1 |a Shepfard, E.